000 00482nam a2200181Ia 4500
005 20250326125821.0
008 250326s9999 xx 000 0 und d
037 _aTextbook
040 _aFMSL
_beng
_cFMSL
041 _aeng
_2eng
084 _aX:51 N5
_qFMSL
100 _aStuart R D
_9739746
245 0 _aPenetrating the international market
_cStuart R D
260 _aNY
_bNY, A M A
_c1965
300 _a176p
942 _cTB
_hX:51 N5
999 _c1279714
_d1279714